| 000 | 00812nam a2200337Ia 4500 | ||
|---|---|---|---|
| 001 | 12035 | ||
| 008 | 191123s9999 xx 000 0 und d | ||
| 020 | _a9789873357695 | ||
| 041 | _aspa | ||
| 044 | _aag | ||
| 100 | _aPallarois, Juan Carlos, | ||
| 245 | 0 |
_aJuan Carlos Pallarois : _bsu vida y su universo. |
|
| 260 |
_aBuenos Aires : _bEdición del mismo autor, _c2014. |
||
| 300 |
_a276 p. _bilustrado |
||
| 500 | _aDonación del autor. | ||
| 650 | _aARTESANOS | ||
| 650 | _aBIOGRAFIAS | ||
| 650 | _aIBAÑEZ, PACO, | ||
| 650 | _aPALLAROLS, JUAN CARLOS | ||
| 650 | _aPLATERIA | ||
| 650 | _aTOMBOLINI, ADRIANA | ||
| 902 | _aM | ||
| 903 | _am | ||
| 904 | _am | ||
| 907 | _aimpreso | ||
| 911 | _ailustrado | ||
| 912 | _a2014 | ||
| 942 | _cLIBRO | ||
| 999 |
_c9709 _d9709 |
||
| 550 | _ailustrado | ||